000 00401nam a2200133Ia 4500
008 211109s9999||||xx |||||||||||||| ||und||
082 _a541
_bPER-P
100 _aPerkin, Mollaue,,
245 0 _aPractical Methods of Inorganic Chemistry
260 _bNATIONAL BOOKSTALL
_aKottayam
_c1900
630 _xGeneral Stack
650 _anatural Sciences
_vChemistryInorganic Chemistry
_xChemistry
942 _cBOOK
999 _c1718
_d1718